Mapping Governance Innovations : (Record no. 1672555)

MARC details
000 -LEADER
fixed length control field 00566 a2200193 4500
005 - DATE AND TIME OF LATEST TRANSACTION
control field 20260310110010.0
008 - FIXED-LENGTH DATA ELEMENTS--GENERAL INFORMATION
fixed length control field 260310b |||||||| |||| 00| 0 eng d
020 ## - INTERNATIONAL STANDARD BOOK NUMBER
International Standard Book Number 9781032984391
040 ## - CATALOGING SOURCE
Transcribing agency SDCL
041 ## - LANGUAGE CODE
Source of code eng
Language code of text/sound track or separate title eng
084 ## - COLON CLASSIFICATION NUMBER
Classification number X:77.43'P R5
245 ## - TITLE STATEMENT
Title Mapping Governance Innovations :
Remainder of title Perspectives From South Asia
260 ## - PUBLICATION, DISTRIBUTION, ETC.
Place of publication, distribution, etc. London :
Name of publisher, distributor, etc. Routledge,
Date of publication, distribution, etc. 2025.
300 ## - PHYSICAL DESCRIPTION
Extent xxii, 281p.
700 ## - ADDED ENTRY--PERSONAL NAME
Personal name Dhal, Sangita ed.
700 ## - ADDED ENTRY--PERSONAL NAME
Personal name Singh, Nachiketa ed.
700 ## - ADDED ENTRY--PERSONAL NAME
Personal name Nasrullah, Amir Mohammad ed.
942 ## - ADDED ENTRY ELEMENTS (KOHA)
Koha item type Textual
Source of classification or shelving scheme Colon Classification (CC)
700 ## - ADDED ENTRY--PERSONAL NAME
-- 1131485
700 ## - ADDED ENTRY--PERSONAL NAME
-- 1131486
700 ## - ADDED ENTRY--PERSONAL NAME
-- 1131487
999 ## -
-- 1672555
-- 1672555
Holdings
Withdrawn status Lost status Source of classification or shelving scheme Damaged status Not for loan Home library Current library Date acquired Source of acquisition Cost, normal purchase price Inventory number Total checkouts Full call number Barcode Date last seen Cost, replacement price Price effective from Koha item type
    Colon Classification (CC)     South Campus Library South Campus Library 2025-12-10 67 1276.00 1237 & 10/12/2025   X:77.43'P R5 SC1691760 2025-12-10 1595.00 2025-12-10 Textual
Copyright @ Delhi University Library System